Detalles MARC
| 000 -CABECERA |
| campo de control de longitud fija |
02002nam a2200253 a 4500 |
| 001 - NÚMERO DE CONTROL |
| campo de control |
000006564 |
| 005 - FECHA Y HORA DE LA ÚLTIMA TRANSACCIÓN |
| campo de control |
20200929153943.0 |
| 008 - DATOS DE LONGITUD FIJA--INFORMACIÓN GENERAL |
| campo de control de longitud fija |
090901s1997 dr a 000 0 spa d |
| 040 ## - FUENTE DE LA CATALOGACIÓN |
| Centro catalogador/agencia de origen |
DO-SdBNP |
| Lengua de catalogación |
spa |
| Centro/agencia transcriptor |
BNPHU |
| 082 ## - NÚMERO DE LA CLASIFICACIÓN DECIMAL DEWEY |
| Número de clasificación |
332.6 |
| Número de documento/Ítem |
S471i |
| 111 1# - ENTRADA PRINCIPAL--NOMBRE DE CONGRESO/REUNIÓN |
| Nombre de congreso/reunión o jurisdicción como elemento de entrada |
Seminario Inversión en la República Dominicana |
| Fecha del congreso/reunión |
(1997 : |
| Sede del congreso/Lugar de la reunión |
Santo Domingo) |
| 9 (RLIN) |
18222 |
| 245 10 - MENCIÓN DE TÍTULO |
| Título |
Inversión en la República Dominicana : |
| Resto del título |
facilidad y oportunidad / |
| Mención de responsabilidad, etc. |
Presentación José Tomás Pérez. |
| 260 ## - PUBLICACIÓN, DISTRIBUCIÓN, ETC. |
| Lugar de publicación, distribución, etc. |
Santo Domingo : |
| Nombre del editor, distribuidor, etc. |
Corporación de Fomento Industrial, |
| Fecha de publicación, distribución, etc. |
1997. |
| 300 ## - DESCRIPCIÓN FÍSICA |
| Extensión |
149 p. : |
| Otras características físicas |
il. ; |
| Dimensiones |
22 cm. |
| 505 ## - NOTA DE CONTENIDO CON FORMATO |
| Título |
Clima y política de inversión foranea en la República Dominicana : papel del personal diplomático y consular -- |
| -- |
Inversión extranjera en la República Dominicana -- |
| -- |
Importancia de la estabilidad para la inversión extranjera -- |
| -- |
Regimen jurídico de sustentación de la inversión extranjera -- |
| -- |
Perspectivas del sector eléctrico dominicano de cara al desarrollo industrial del país -- |
| -- |
Desarrollo, presente y futuro de las zonas francas industriales -- |
| -- |
La experiencia en una empresa de zona franca -- |
| -- |
Inversión en la República Dominicana: facilidad y oportunidad -- |
| -- |
Repercusión de la paridad textil en el futuro de las zonas francas en la República Dominicana -- |
| -- |
Las exportaciones en el actual proceso de desarrollo -- |
| -- |
Facilidades de las aduanas en el merco del nuevo proceso de desarrollo dominicano -- |
| -- |
Alcalde y beneficios del convenio de lomé IV para la República Dominicana -- |
| -- |
Integración de la agroindustria al sector zona franca. |
| 590 ## - NOTA LOCAL (RLIN) |
| Nota local |
Inventariado, 2018/MFF |
| 650 #4 - PUNTO DE ACCESO ADICIONAL DE MATERIA--TÉRMINO DE MATERIA |
| Término de materia o nombre geográfico como elemento de entrada |
Inversiones extranjeras |
| Subdivisión geográfica |
República Dominicana |
| Subdivisión general |
Congresos, conferencias, etc. |
| 9 (RLIN) |
18223 |
| 650 #4 - PUNTO DE ACCESO ADICIONAL DE MATERIA--TÉRMINO DE MATERIA |
| Término de materia o nombre geográfico como elemento de entrada |
Inversiones de capital |
| Subdivisión de forma |
CONGRESOS,CONFERENCIAS,ETC. |
| 9 (RLIN) |
18224 |
| 650 #4 - PUNTO DE ACCESO ADICIONAL DE MATERIA--TÉRMINO DE MATERIA |
| Término de materia o nombre geográfico como elemento de entrada |
Política de inversiones |
| 9 (RLIN) |
18225 |
| 650 #4 - PUNTO DE ACCESO ADICIONAL DE MATERIA--TÉRMINO DE MATERIA |
| Término de materia o nombre geográfico como elemento de entrada |
Zonas francas industriales |
| 9 (RLIN) |
18226 |
| 651 #4 - PUNTO DE ACCESO ADICIONAL DE MATERIA--NOMBRE GEOGRÁFICO |
| Nombre geográfico |
República Dominicana |
| Subdivisión general |
Política Económica |
| 9 (RLIN) |
643 |
| 700 1# - PUNTO DE ACCESO ADICIONAL--NOMBRE DE PERSONA |
| Nombre de persona |
Tomás Pérez, José |
| 9 (RLIN) |
18227 |
| 910 ## - DATOS DE OPCIÓN DEL USUARIO (OCLC) |
| Datos de opción del usuario |
Validado. Control de calidad MFF |